000 00488nam a2200181 a 4500
001 157894
003 OSt
005 20211227131629.0
008 200630 ### ENG
020 _a9789811086267
082 _a570.15195
_bIS4F
100 _aIslam, M. Ataharul
245 _aFoundations of biostatistics
_cby M. Ataharul Islam and Abdullah Al-Shiha
260 _aSingapore
_bSpringer Nature
_c2018
300 _a463p.
700 _aAl-Shiha, Abdullah
942 _2ddc
_cBK
999 _c20186
_d20186